Sándor Bálint (1904-1980) a life’s work in ethnology of religion /

Elmentve itt :
Bibliográfiai részletek
Szerző: Barna Gábor
Dokumentumtípus: Könyv része
Megjelent: 2014
Sorozat:A vallási kultúrakutatás könyvei
Saints, feasts, pilgrimages, confraternities = Heilige, Feste, Wallfahrten, Bruderschaften: selected papers = ausgewählte Schriften
Kulcsszavak:Néprajztudomány - magyar - 20. sz. - életrajz, Bálint Sándor
Tárgyszavak:
Online Access:http://acta.bibl.u-szeged.hu/67219
LEADER 01050naa a2200253 i 4500
001 acta67219
005 20211124153349.0
008 200527s2014 hu o 0|| eng d
020 |a 978-963-306-326-2 
022 |a 2064-4825 
040 |a SZTE Egyetemi Kiadványok Repozitórium  |b hun 
041 |a eng 
100 1 |a Barna Gábor 
245 1 0 |a Sándor Bálint (1904-1980)   |h [elektronikus dokumentum] :  |b a life’s work in ethnology of religion /  |c  Barna Gábor 
260 |c 2014 
300 |a 11-22 
490 0 |a A vallási kultúrakutatás könyvei 
490 0 |a Saints, feasts, pilgrimages, confraternities = Heilige, Feste, Wallfahrten, Bruderschaften: selected papers = ausgewählte Schriften 
650 4 |a Társadalomtudományok 
650 4 |a Szociológia 
650 4 |a Bölcsészettudományok 
650 4 |a Filozófia, etika és vallástudományok 
695 |a Néprajztudomány - magyar - 20. sz. - életrajz, Bálint Sándor 
856 4 0 |u http://acta.bibl.u-szeged.hu/67219/1/vallasi_kulturakutatas_konyvei_014_02_011-022.pdf  |z Dokumentum-elérés